20 Bands on C - Statistics

General Stats
  • This quiz has been taken 19 times
    3 since last reset
  • The average score is 3 of 20
Answer Stats
Answer % Correct
Coldplay
100%
Cruel Hearts Club
50%
the Clash
50%
the Cure
50%
Cake
0%
Carpenters
0%
Chicks on Speed
0%
Chumbawamba
0%
Cream
0%
Creedence Clearwater Revival
0%
Crosby,Stills, Nash & Young
0%
Culture Club
0%
the Cardigans
0%
the Chemical Brothers
0%
the Chicks
0%
the Coral
0%
the Corrs
0%
the Cranberries
0%
the Crystals
0%
the Cult
0%
No matching quizzes found
Score Distribution
Percent of People with Each Score
Percentile by Number Answered
Your Score History
You have not taken this quiz since the last reset